[Event "FRA-ch U20"]
[Site "Europe Echecs INT"]
[Date "2020.07.12"]
[Round "1"]
[White "Bressy, Theo"]
[Black "Triton, Maxime"]
[Result "1-0"]
[WhiteElo "2289"]
[BlackElo "1843"]
[PlyCount "123"]
[EventDate "2020.07.12"]
[EventType "swiss (rapid)"]
[EventRounds "9"]
[EventCountry "FRA"]
[SourceTitle "EXT 2021"]
[Source "ChessBase"]
[SourceDate "2020.10.23"]
[SourceVersion "1"]
[SourceVersionDate "2020.10.23"]
[SourceQuality "1"]

1. e4 g6 2. g3 Nf6 3. Bg2 d5 4. exd5 Nxd5 5. Nc3 c6 6. Nge2 Bg7 7. 0-0 0-0 8. h3 Na6 9. d4 Nac7 10. Nxd5 cxd5 11. c3 Bf5 12. Be3 Qd7 13. Kh2 h5 14. Qd2 Rad8 15. Rad1 e6 16. Bh6 Ne8 17. Bxg7 Kxg7 18. Nf4 Nd6 19. Nd3 Bxd3 20. Qxd3 Rc8 21. b3 Rfd8 22. Rc1 Rc7 23. Rc2 Rdc8 24. Rfc1 b5 25. Bf1 Ne4 26. f3 Nd6 27. h4 Qe7 28. Qe3 Rc6 29. Bd3 a6 30. Qe5+ Qf6 31. g4 R8c7 32. gxh5 Qxe5+ 33. dxe5 Nf5 34. hxg6 Nxh4 35. Kg3 Nxg6 36. Bxg6 Kxg6 37. Kf4 Kg7 38. Ke3 f6 39. f4 Rc8 40. Kd4 Rh8 41. Rg2+ Kf7 42. Rcg1 fxe5+ 43. fxe5 Rh4+ 44. Rg4 Rxg4+ 45. Rxg4 b4 46. cxb4 Rc2 47. a4 Rb2 48. Rg3 Ke7 49. Kc5 Kd7 50. Kb6 Re2 51. Kxa6 Rxe5 52. b5 Rf5 53. b6 Kc6 54. b4 Rf4 55. b5+ Kc5 56. a5 Rf8 57. b7 e5 58. Rc3+ Kb4 59. Rc8 Rf6+ 60. b6 e4 61. b8Q Re6 62. Re8 1-0

[Event "Mumbai Wealth op 4th"]
[Site "Mumbai"]
[Date "2019.01.03"]
[Round "5"]
[White "Triton, Maxime"]
[Black "Subrota, Biswas"]
[Result "0-1"]
[WhiteElo "1937"]
[BlackElo "2171"]
[PlyCount "102"]
[EventDate "2018.12.30"]
[EventType "swiss"]
[EventRounds "9"]
[EventCountry "IND"]
[SourceTitle "CBM 188 Extra"]
[Source "ChessBase"]
[SourceDate "2019.02.26"]
[SourceVersion "1"]
[SourceVersionDate "2019.02.26"]
[SourceQuality "1"]

1. e4 c5 2. Nf3 d6 3. Nc3 Nf6 4. d4 cxd4 5. Nxd4 a6 6. Bc4 e6 7. Bb3 b5 8. 0-0 Nbd7 9. Re1 Nc5 10. Bd5 exd5 11. exd5+ Kd7 12. b4 Na4 13. Nxa4 bxa4 14. Nc6 Qb6 15. Qf3 Qb5 16. c4 Qxc4 17. Bf4 Qxd5 18. Ne5+ Kd8 19. Qe3 dxe5 20. Rad1 Bd7 21. Qb6+ Ke8 22. Rxd5 Nxd5 23. Qb7 Nxf4 24. Qxa8+ Ke7 25. Rxe5+ Be6 26. Re4 Ng6 27. f4 f5 28. Re3 Kf7 29. Qxa6 Nxf4 30. Kf1 Be7 31. Qxa4 Nd5 32. Rf3 Nxb4 33. a3 Nd5 34. Qc2 g6 35. Qd2 Nf6 36. Re3 Rb8 37. Qc2 Rc8 38. Rc3 Ra8 39. Ke2 Ne4 40. Rh3 h5 41. Re3 Rc8 42. Qb2 Rc7 43. Kd1 Bf6 44. Qb4 Bg5 45. Rf3 Rc1+ 46. Ke2 Bc4+ 47. Rd3 Rc2+ 48. Kd1 Bxd3 49. Qb7+ Kf8 50. Qb8+ Kg7 51. Qe5+ Kh7 0-1

[Event "Mumbai Wealth op 4th"]
[Site "Mumbai"]
[Date "2019.01.02"]
[Round "4"]
[White "Prraneeth, Vuppala"]
[Black "Triton, Maxime"]
[Result "1-0"]
[WhiteElo "2228"]
[BlackElo "1937"]
[PlyCount "89"]
[EventDate "2018.12.30"]
[EventType "swiss"]
[EventRounds "9"]
[EventCountry "IND"]
[SourceTitle "CBM 188 Extra"]
[Source "ChessBase"]
[SourceDate "2019.02.26"]
[SourceVersion "1"]
[SourceVersionDate "2019.02.26"]
[SourceQuality "1"]

1. d4 Nf6 2. c4 c5 3. d5 e5 4. Nc3 d6 5. e4 Be7 6. Bd3 Nbd7 7. Nge2 Nf8 8. a3 Ng6 9. b4 b6 10. 0-0 0-0 11. Ng3 Ne8 12. Nf5 Bg5 13. Bb2 Nf4 14. Bc2 g6 15. Ne3 Ng7 16. Ne2 f5 17. exf5 Nxf5 18. Nxf5 Bxf5 19. Ng3 Bxc2 20. Qxc2 Rf7 21. Ne4 Bh6 22. Rae1 Qd7 23. g3 Nh3+ 24. Kg2 Ng5 25. Nxg5 Bxg5 26. b5 Raf8 27. f3 Rf5 28. Qc3 Bf6 29. Qc2 Bg5 30. a4 Qf7 31. Qe4 Bd2 32. Re2 Bg5 33. Bc3 Bd8 34. Bd2 Qe7 35. Bh6 Re8 36. h4 Qd7 37. f4 Rh5 38. Bg5 Qg4 39. Bxd8 Rxd8 40. fxe5 Qxe4+ 41. Rxe4 Rxe5 42. Rxe5 dxe5 43. Rf6 Re8 44. Kf3 Kg7 45. Rc6 1-0